banner koha

Mancha marrom de alternária, uma opção de controle (Registro n. 299906)

MARC details
000 -LÍDER
fixed length control field 00909nab a2200277 4500
003 - CÓDIGO MARC DA AGÊNCIA CATALOGADORA
Campo de controle BR-BrBNA
005 - DATA E HORA DA ÚLTIMA ATUALIZAÇÃO
Campo de controle 20240604212846.0
008 - CAMPO DE TAMANHO FIXO
fixed length control field 240604b bl.||||| |||| 00| 0 por d
040 ## - FONTE DA CATALOGAÇÃO
Agência catalogadora BR-BrBNA
Idioma da catalogação por
072 ## - CATEGORIA AGRIS
Código AGRIS H20 ; H01
100 ## - ENTRADA PRINCIPAL - NOME PESSOAL
Nome pessoal Cottas, Mauro Picinato
245 ## - TÍTULO PRINCIPAL
Título principal Mancha marrom de alternária, uma opção de controle
Subtítulo Pesquisa
500 ## - NOTA GERAL
Nota geral 16 illus.; 2 tables
942 ## - ADDED ENTRY ELEMENTS (KOHA)
Koha item type
650 ## - ASSUNTO - THESAGRO
Cabeçalho tópico ou nome geográfico CITRICULTURA
650 ## - ASSUNTO - THESAGRO
Cabeçalho tópico ou nome geográfico MANCHA MARROM
650 ## - ASSUNTO - THESAGRO
Cabeçalho tópico ou nome geográfico ALTERNARIA ALTERNATA
650 ## - ASSUNTO - THESAGRO
Cabeçalho tópico ou nome geográfico DOENÇA FÚNGICA
650 ## - ASSUNTO - THESAGRO
Cabeçalho tópico ou nome geográfico DOENÇA DE PLANTA
650 ## - ASSUNTO - THESAGRO
Cabeçalho tópico ou nome geográfico SINTOMA
650 ## - ASSUNTO - THESAGRO
Cabeçalho tópico ou nome geográfico PROFILAXIA
650 ## - ASSUNTO - THESAGRO
Cabeçalho tópico ou nome geográfico CONTROLE QUÍMICO
650 ## - ASSUNTO - THESAGRO
Cabeçalho tópico ou nome geográfico FUNGICIDA
773 0# - ENTRADA ANALÍTICA
Host Biblionumber 4769
Registro do item 314625
Imprenta Bebedouro - SP Grupo Técnico de Assistência e Consultoria em Citrus 2001
Outro identificador 2024-0877
Título Ciência e Pratica (Brazil)
Colação v. 5(18) p. 10-11; (Jul-Sep 2005)
Número de controle de registro BR2024001525

Nenhum exemplar disponível.

BINAGRI

Telefone: (61)3218-2567/2388/3357/2097 - binagri@agro.gov.br

Ministério da Agricultura e Pecuária , Esplanada dos Ministérios, Bloco D, Anexo B, Brasília/DF, CEP: 70.043-900